Designing corporate identity
Spremljeno u:
| Autor kompanije: | |
|---|---|
| Format: | Knjiga |
| Jezik: | engleski španjolski |
| Izdano: |
Barcelona
Instituto Monsa de Ediciones
2012
|
| Teme: | |
| Oznake: |
Dodaj oznaku
Bez oznaka, Budi prvi tko označuje ovaj zapis!
|
MARC
| LEADER | 00000cam a2200000 a 4500 | ||
|---|---|---|---|
| 001 | UCF7675 | ||
| 003 | CL-VaPUC | ||
| 008 | 130704e20120000SP |||||||||||||||||eng|d | ||
| 020 | |a 9788415223771 | ||
| 041 | 0 | 7 | |a eng |2 CL-VaPUC |
| 041 | 0 | 7 | |a spa |2 CL-VaPUC |
| 082 | 0 | 4 | |a 741.6 |b INS |2 21 |
| 110 | 2 | |a Instituto Monsa de Ediciones |e author |9 569756 | |
| 245 | 1 | 0 | |a Designing corporate identity |
| 300 | |a 96 p | ||
| 942 | |c BK | ||
| 945 | |d 20130704 00:00:00 |a dcastane | ||
| 260 | |a Barcelona |b Instituto Monsa de Ediciones |c 2012 | ||
| 650 | 0 | |a Diseño gráfico |9 266874 | |
| 650 | 0 | |a Marcas comerciales |9 386702 | |
| 650 | 0 | |a Marketing |9 259324 | |
| 583 | |a last modification |c 20130704 11:43:00 |k Rodrigo Vera | ||
| 999 | |c 352473 |d 352471 | ||
| 952 | |0 0 |1 0 |4 0 |6 741_600000000000000_INS_2012 |7 0 |8 A |9 457010 |a BIBARQ |b BIBARQ |d 2019-11-22 |i 4982797 |l 2 |o 741.6 INS 2012 |p 4982797 |q 2025-05-13 |r 2025-05-06 |s 2025-05-06 |w 2019-11-22 |y BK |k ARQ | ||